En las ruinas del neoliberalismo. El ascenso de las políticas antidemocráticas en Occidente
Αποθηκεύτηκε σε:
| Κύριος συγγραφέας: | |
|---|---|
| Άλλοι συγγραφείς: | |
| Μορφή: | Άγνωστο |
| Γλώσσα: | Αγγλικά |
| Έκδοση: |
madrid, España.
Traficantes de sueños; Futuro Anterior; Tinta Limón,
2021
|
| Έκδοση: | Primera edición |
| Σειρά: | Mapas;
64 |
| Θέματα: | |
| Ετικέτες: |
Προσθήκη ετικέτας
Δεν υπάρχουν, Καταχωρήστε ετικέτα πρώτοι!
|
MARC
| LEADER | 00000 a2200000 4500 | ||
|---|---|---|---|
| 003 | CL-VaPUC | ||
| 005 | 20211122154834.0 | ||
| 008 | 211026b2021 ||||| |||| 00| 0 eng d | ||
| 999 | |c 433769 |d 433767 | ||
| 020 | |a 9788412339819 | ||
| 040 | |c Pontificia Universidad Católica de Valparaíso | ||
| 082 | |a 306.2091821 BRO 2021 | ||
| 100 | 1 | |a Brown, Wendy |9 863783 | |
| 245 | 1 | |a En las ruinas del neoliberalismo. |b El ascenso de las políticas antidemocráticas en Occidente | |
| 250 | |a Primera edición | ||
| 260 | |a madrid, España. |b Traficantes de sueños; |b Futuro Anterior; |b Tinta Limón, |c 2021 | ||
| 300 | |a 248 páginas | ||
| 490 | |a Mapas; |v 64 | ||
| 583 | |k Cristina María Rojas Aguilar |c 20211026 | ||
| 650 | 0 | |a Cultura política |9 257401 | |
| 650 | 0 | |a Extremistas de derecha |9 863929 | |
| 650 | 0 | |a Democracia |9 255256 |x Aspectos sociales | |
| 700 | |a Palmeiro, Cecilia |e traducción |9 863930 | ||
| 942 | |2 ddc |c BK | ||
| 952 | |0 0 |1 0 |2 ddc |4 0 |6 306_209182100000000_BRO_2021 |7 0 |8 A |9 579051 |a BIBHIS |b BIBHIS |d 2021-10-26 |e 52 |g 15892.38 |i 5589630 |o 306.2091821 BRO 2021 |p 5589630 |r 2025-01-20 |t 1 |v 15892.38 |w 2021-10-26 |y BK |k HIS | ||